[Event "BCF-chT 9798 (4NCL)"]
[Site "England"]
[Date "1997.10.25"]
[Round "1.7"]
[White "Saunders, John C"]
[Black "Grinsell, Lee A"]
[Result "1/2-1/2"]
[WhiteElo "2225"]
[BlackElo "2190"]
[PlyCount "67"]
[EventDate "1997.11.??"]
[EventType "team"]
[EventRounds "11"]
[EventCountry "ENG"]
[SourceTitle "CBM 064 Extra"]
[Source "ChessBase"]
[SourceDate "1998.07.07"]
[SourceVersion "1"]
[SourceVersionDate "1998.07.07"]
[SourceQuality "1"]
[WhiteTeam "SW Dragons"]
[BlackTeam "Midland Monarchs"]
[WhiteTeamCountry "ENG"]
[BlackTeamCountry "ENG"]

1. e4 c5 2. c3 Nf6 3. e5 Nd5 4. d4 cxd4 5. Nf3 e6 6. cxd4 Nc6 7. Nc3 Nxc3 8. bxc3 d5 9. exd6 Bxd6 10. Bd3 Qa5 11. Bd2 Qh5 12. h3 f5 13. 0-0 0-0 14. Re1 Bd7 15. Rb1 Rab8 16. Bc4 Nd8 17. Qb3 Re8 18. a4 h6 19. Ne5 Bxe5 20. Rxe5 Kh8 21. Be2 Qf7 22. Bf3 Bc6 23. d5 exd5 24. Bxd5 Bxd5 25. Rxe8+ Qxe8 26. Qxd5 Qe6 27. c4 Qxd5 28. cxd5 Rc8 29. Bb4 Rc7 30. Re1 Rd7 31. d6 Nc6 32. Re7 Rd8 33. Rxb7 Nxb4 34. Rxb4 1/2-1/2

[Event "Walsall op"]
[Site "Walsall"]
[Date "1997.??.??"]
[Round "1"]
[White "Rowson, Jonathan"]
[Black "Grinsell, Lee A"]
[Result "1-0"]
[WhiteElo "2445"]
[BlackElo "2205"]
[PlyCount "63"]
[EventDate "1997.??.??"]
[EventType "swiss"]
[EventRounds "9"]
[EventCountry "ENG"]
[SourceTitle "EXT 1998"]
[Source "ChessBase"]
[SourceDate "1997.11.17"]
[SourceVersion "1"]
[SourceVersionDate "1997.11.17"]
[SourceQuality "1"]

1. Nf3 d5 2. c4 e6 3. e3 Nf6 4. b3 Nbd7 5. Bb2 Be7 6. cxd5 exd5 7. Be2 0-0 8. d3 Re8 9. Nbd2 c6 10. a3 Nf8 11. 0-0 Ng6 12. b4 Bd6 13. Re1 Ng4 14. h3 N4e5 15. Bf1 Nxf3+ 16. Nxf3 Nh4 17. e4 Nxf3+ 18. Qxf3 dxe4 19. dxe4 Be5 20. Bxe5 Rxe5 21. Rad1 Qe7 22. Qc3 Rh5 23. f4 Bd7 24. f5 Re8 25. Qd4 Bc8 26. Qxa7 Rh4 27. Qe3 h6 28. g3 Rh5 29. Qf3 g6 30. h4 b6 31. Bc4 Kh7 32. Rf1 1-0

[Event "Hastings Challengers 9596"]
[Site "Hastings"]
[Date "1995.??.??"]
[Round "2"]
[White "Grinsell, Lee A"]
[Black "Marusenko, Petr"]
[Result "1/2-1/2"]
[WhiteElo "2130"]
[BlackElo "2305"]
[PlyCount "72"]
[EventDate "1995.12.??"]
[EventType "swiss"]
[EventRounds "11"]
[EventCountry "ENG"]
[SourceTitle "CBM 050 Extra"]
[Source "ChessBase"]
[SourceDate "1996.03.01"]
[SourceVersion "1"]
[SourceVersionDate "1996.03.01"]
[SourceQuality "1"]

1. e4 c6 2. d4 d5 3. Nc3 g6 4. Nf3 Bg7 5. Be2 Bg4 6. e5 e6 7. 0-0 Ne7 8. Bf4 Nd7 9. Re1 Nf5 10. Qd2 0-0 11. h3 Bxf3 12. Bxf3 Qb6 13. Rad1 c5 14. Na4 Qc6 15. Nxc5 Nxc5 16. dxc5 Qxc5 17. Bg4 Ne7 18. c3 Rfd8 19. Bg5 Rd7 20. Bf6 Nc6 21. h4 d4 22. Bxg7 Kxg7 23. Qf4 Rad8 24. Qf6+ Kg8 25. h5 Qe7 26. Qf4 dxc3 27. bxc3 Rxd1 28. Bxd1 Rd3 29. Bf3 Rxc3 30. Rd1 Rc5 31. Bxc6 bxc6 32. h6 Rd5 33. Rb1 Rb5 34. Rd1 Rd5 35. Rb1 Rb5 36. Rd1 Rd5 1/2-1/2

[Event "Hastings Challengers 9596"]
[Site "Hastings"]
[Date "1995.??.??"]
[Round "3"]
[White "Schmedders, Hans Gerd"]
[Black "Grinsell, Lee A"]
[Result "1-0"]
[WhiteElo "2310"]
[BlackElo "2130"]
[PlyCount "85"]
[EventDate "1995.12.??"]
[EventType "swiss"]
[EventRounds "11"]
[EventCountry "ENG"]
[SourceTitle "CBM 050 Extra"]
[Source "ChessBase"]
[SourceDate "1996.03.01"]
[SourceVersion "1"]
[SourceVersionDate "1996.03.01"]
[SourceQuality "1"]

1. e4 c5 2. Nf3 e6 3. c3 Nf6 4. e5 Nd5 5. d4 cxd4 6. cxd4 Nc6 7. Nc3 Nxc3 8. bxc3 d5 9. Bd3 Be7 10. h4 h6 11. h5 Bd7 12. Rh3 Qc7 13. Bd2 Na5 14. Rg3 Bf8 15. a4 Nc4 16. Bc1 0-0-0 17. Nd2 Kb8 18. Nxc4 dxc4 19. Be4 f5 20. exf6 gxf6 21. Qf3 Bd6 22. Rb1 Bc8 23. a5 a6 24. Rg6 f5 25. Bc2 e5 26. dxe5 Rhe8 27. Kf1 Bxe5 28. Rxa6 Re6 29. Rab6 Rdd6 30. Be3 f4 31. Rxd6 Rxd6 32. Bb6 Qf7 33. Be4 Qf6 34. Bc5 Rd7 35. Qe2 Bxc3 36. Qxc4 Bd4 37. Qb4 Bxc5 38. Qxc5 Rc7 39. Qd5 Qc3 40. a6 Qg7 41. axb7 Rxb7 42. Rxb7+ Bxb7 43. Qxb7+ 1-0